000 01949pam a2200301 i 4500
001 9916907
003 CaAEU
005 20251015121033.0
008 210305t20222022xxc e 000 1 eng
010 _a 2021010229
020 _a9780593321096
035 _aon1310487552
040 _aDLC
_beng
_erda
_cDLC
_dOCLCO
_dOCLCF
_dBDX
_dYDX
_dLMJ
_dY$5
_dHOT
_dLJW
_dOI6
_dOCLCO
_dRNL
_dOCO
_dOCLCO
_dTXSCH
_dJQM
_dUAB
_dAEU
041 _aeng
042 _apcc
050 0 0 _aPS3570.Y45
_bF74 2022
100 _aTyler, Anne
_eauthor
_926144
245 1 0 _aFrench braid
_c/ Anne Tyler.
260 _aNew York, NY :
_bAlfred A. Knope,
_c2022.
300 _a243 pages ;
_c25 cm.
500 _a"This is a Borzoi book"--Title page verso.
520 _aThe Garretts take their first and last family vacation in the summer of 1959. They hardly ever venture beyond Baltimore, but in some ways they have never been farther apart. Mercy has trouble resisting the siren call of her aspirations to be a painter, which means less time keeping house for her husband Robin. Their teenage daughters, steady Alice and boy-crazy Lily, could not have less in common. Their youngest, David, is already intent on escaping his family's orbit, for reasons none of them understands. Yet as these lives advance across decades, the Garretts' influence on one another ripples unmistakably through each generation, much like French-braided hair keeps its waves even after it is undone. Full of heartbreak and hilarity, French Braid is classic Anne Tyler: a stirring, uncannily insightful novel of tremendous warmth and humor that illuminates the kindnesses and cruelties of our daily lives, the impossibility of breaking free from those who love us, and how close--yet how unknowable--every family is to itself.
650 0 _aFamilies
_vFiction
_922172
650 0 _aVacations
_vFiction
_925446
650 0 _aGenerations
_vFiction
_926174
655 0 _aHistorical fiction
_922722
942 _2lcc
999 _c5050
_d5050